000 00221nam a2200109Ia 4500
999 _c7838
_d7838
020 _a978-0071239462
100 _aHarold Koontz
245 0 _aManagement
260 _aUSA
_bMcGraw Hill
_c1997
300 _a744
942 _cBK